000 01314nam a2200361 a 4500
003 CHAP
005 20220329143224.0
008 070419d2006 cu r 10100 spa d
010 _a93508
011 _a94480
035 _a105071
040 _cCHAP
082 0 4 _a630.63
_bC7 2006
111 2 _aCongreso Científico
_n(15:
_d2006:
_cLa Habana, Cuba)
_926665
245 1 0 _aPrograma y resúmenes
_c/por Instituto Nacional de Ciencias Agrícolas y Ministerio de Educación Superior
260 _aLa Habana :
_bInstituto Nacional de Ciencias Agrícolas,
_c2006.
300 _a197 p.
590 _aBATCH-UPD
_b10
_c20130110
_lUCH01
_h0205
590 _aBATCH-UPD
_b10
_c20130110
_lUCH01
_h1010
590 _aBATCH-UPD
_b10
_c20130409
_lUCH01
_h2216
590 _aBATCH-UPD
_b10
_c20130410
_lUCH01
_h1333
590 _aBATCH-UPD
_b10
_c20130913
_lUCH01
_h2036
590 _aCONVERSION
_b10
_c20130109
_lUCH01
_h1352
650 1 4 _aAgricultura
_xCongresos.
_91373
650 1 4 _aAgricultura
_xCuba.
_91390
650 1 4 _aAgricultura
_xInvestigacion
_xCongresos.
_91605
710 0 _aCuba. Ministerio de Educación.
_929975
710 2 _aInstituto Nacional de Ciencias Agrícolas. Cuba.
_959293
901 _aBK
905 _aLilia
942 _cLIBRO
949 _a630.63 C7 2006
_bBC
_cLIBRO
_d33724002028835
_eLIBRO
_h108546
_i105071
_sb
999 _c93508
_d93508